[Event "16th Voronezh Master Open"]
[Site "?"]
[Date "2012.??.??"]
[Round "7"]
[White "Volkov, Sergey1"]
[Black "Kharitonov, Alexandr"]
[Result "1-0"]
[WhiteElo "2620"]
[BlackElo "2545"]
[PlyCount "41"]
[EventDate "2012.??.??"]
[SourceDate "1999.07.01"]

1. d4 d5 2. c4 c6 3. cxd5 cxd5 4. Nc3 Nf6 5. Bf4 Nc6 6. e3 a6 7. Rc1 Bf5 8. Nf3
Rc8 9. Ne5 Nxe5 10. dxe5 Ne4 11. Bd3 Nxc3 12. Bxf5 Nxd1 13. Rxc8 Nxb2 14. Rxd8+
Kxd8 15. e6 g6 16. Be5 f6 17. Bxb2 gxf5 18. Ke2 Kc8 19. Ba3 b6 20. Kd3 Kb7 21.
Rc1 1-0

[Event "Moscow Open A 2013"]
[Site "Moscow RUS"]
[Date "2013.02.07"]
[Round "6.1"]
[White "Nepomniachtchi, I."]
[Black "Maletin, P."]
[Result "1/2-1/2"]
[WhiteElo "2703"]
[BlackElo "2571"]
[PlyCount "80"]
[EventDate "2013.02.02"]
[SourceDate "1999.07.01"]

1. d4 d5 2. c4 c6 3. cxd5 cxd5 4. Nc3 Nf6 5. Bf4 Nc6 6. e3 a6 7. Bd3 Bg4 8.
Nge2 e6 9. O-O Be7 10. Rc1 Bh5 11. Qb3 Na5 12. Qa4+ Nc6 13. Bg3 Bg6 14. Nf4 O-O
15. Qd1 Rc8 16. Bxg6 hxg6 17. Nd3 Nb4 18. Nc5 Bxc5 19. dxc5 Rxc5 20. Qb3 Rc4
21. Nxd5 exd5 22. Rxc4 dxc4 23. Qxb4 Qd5 24. Bc7 Rc8 25. Bb6 Qc6 26. Bd4 Nd5
27. Qd2 c3 28. bxc3 Nxc3 29. h3 Qc4 30. Bxc3 Qxc3 31. Qd7 Qc7 32. Qd2 Qc3 33.
Qd5 Qc6 34. Qb3 Rd8 35. Qb2 Rd5 36. Rc1 Qd7 37. Qc3 Rd1+ 38. Rxd1 Qxd1+ 39. Kh2
Qd6+ 40. Kg1 Qd1+ 1/2-1/2

[Event "Moscow Open F 2013"]
[Site "Moscow RUS"]
[Date "2013.02.09"]
[Round "8.5"]
[White "Shimanov, A."]
[Black "Belous, V."]
[Result "1/2-1/2"]
[WhiteElo "2640"]
[BlackElo "2553"]
[PlyCount "31"]
[EventDate "2013.02.02"]
[SourceDate "1999.07.01"]

1. d4 d5 2. c4 c6 3. cxd5 cxd5 4. Bf4 Nf6 5. Nc3 Nc6 6. e3 e6 7. Bd3 Be7 8. Nf3
O-O 9. O-O a6 10. Ne5 Bd7 11. Rc1 Rc8 12. a3 Na5 13. e4 dxe4 14. Nxe4 Rxc1 15.
Bxc1 Bb5 16. Bxb5 1/2-1/2

[Event "35th Georgi Tringov Open"]
[Site "Plovdiv BUL"]
[Date "2013.02.08"]
[Round "7.3"]
[White "Grigorov, G."]
[Black "Spasov, V."]
[Result "1/2-1/2"]
[WhiteElo "2513"]
[BlackElo "2567"]
[PlyCount "40"]
[EventDate "2013.02.03"]
[SourceDate "1999.07.01"]

1. d4 c6 2. c4 d5 3. cxd5 cxd5 4. Nc3 Nf6 5. Nf3 Nc6 6. Bf4 Bf5 7. e3 e6 8. Bd3
Bxd3 9. Qxd3 Bd6 10. Bxd6 Qxd6 11. O-O O-O 12. Rac1 Rfc8 13. Nd2 a6 14. a3 Rc7
15. Rc2 Rac8 16. Rfc1 Ne7 17. Ne2 Rxc2 18. Rxc2 Rxc2 19. Qxc2 Qc6 20. Qxc6 Nxc6
1/2-1/2

[Event "TCh-CAT Div Hon 2013"]
[Site "Catalonia ESP"]
[Date "2013.02.02"]
[Round "3.2"]
[White "Moskalenko, V1."]
[Black "Alonso Rosell, A."]
[Result "0-1"]
[WhiteElo "2531"]
[BlackElo "2552"]
[PlyCount "112"]
[EventDate "2013.01.19"]
[EventType "team"]
[SourceDate "1999.07.01"]
[WhiteTeam "Escola Escacs De BCN"]
[BlackTeam "Colon Sabadell"]

1. d4 d5 2. c4 c6 3. cxd5 cxd5 4. Nc3 Nf6 5. Bf4 Nc6 6. e3 a6 7. Rc1 Bg4 8. f3
Bd7 9. Bd3 e6 10. g4 Rc8 11. Nge2 Na5 12. Ng3 Bc6 13. g5 Nd7 14. h4 Be7 15. Kf2
b5 16. b3 Bb7 17. Nce2 Nc6 18. Bb1 Ba3 19. Rc3 Bb4 20. Rc2 O-O 21. Nc1 e5 22.
dxe5 Ndxe5 23. Nd3 Nxd3+ 24. Qxd3 d4 25. Ne4 Be7 26. Rd2 g6 27. exd4 Re8 28. h5
Nb4 29. Qf1 Bxe4 30. fxe4 Bxg5 31. Kg2 Qf6 32. Rf2 Bxf4 33. Rxf4 Qg5+ 34. Kh2
Rc3 35. Qf2 Qxh5+ 36. Rh4 Qg5 37. Rf1 Re7 38. Qf4 Qxf4+ 39. Rhxf4 Nc6 40. e5
Rd7 41. Kg2 Nxd4 42. Rd1 Ne6 43. Rxd7 Nxf4+ 44. Kf2 Nh3+ 45. Kg2 Nf4+ 46. Kf2
Rc1 47. Be4 Ne6 48. Bd5 Rc2+ 49. Ke3 Rxa2 50. Bxe6 fxe6 51. Re7 Rb2 52. Rxe6
Rxb3+ 53. Kd4 b4 54. Rxa6 Rb1 55. Ra8+ Kg7 56. Ra7+ Kh6 0-1

[Event "Paul Keres Mem Prelim"]
[Site "Tallinn EST"]
[Date "2013.01.12"]
[Round "6.1"]
[White "Maiorov, N1."]
[Black "Sveshnikov, E."]
[Result "1/2-1/2"]
[WhiteElo "2537"]
[BlackElo "2521"]
[PlyCount "27"]
[EventDate "2013.01.11"]
[SourceDate "1999.07.01"]

1. d4 d5 2. c4 c6 3. cxd5 cxd5 4. Nf3 Nf6 5. Nc3 Nc6 6. Bf4 Bf5 7. e3 e6 8. Bd3
Bxd3 9. Qxd3 Bd6 10. Bxd6 Qxd6 11. O-O O-O 12. Rac1 Rfc8 13. h3 h6 14. Qe2
1/2-1/2

[Event "19th Zadar Open A"]
[Site "Zadar CRO"]
[Date "2012.12.17"]
[Round "3.1"]
[White "Sumets, A."]
[Black "Jovanic, O."]
[Result "1/2-1/2"]
[WhiteElo "2638"]
[BlackElo "2538"]
[PlyCount "37"]
[EventDate "2012.12.16"]
[EventType "swiss"]
[SourceDate "1999.07.01"]

1. d4 d5 2. c4 c6 3. cxd5 cxd5 4. Nc3 Nf6 5. Bf4 Qb6 6. e3 Qxb2 7. Bb5+ Bd7 8.
Bxd7+ Nbxd7 9. Nge2 e6 10. Rb1 Qa3 11. O-O a6 12. Rb3 Qa5 13. Rxb7 Rc8 14. Qb3
Be7 15. f3 O-O 16. e4 dxe4 17. fxe4 e5 18. Bxe5 Nxe5 19. Rxe7 1/2-1/2

[Event "19th Zadar Open A"]
[Site "Zadar CRO"]
[Date "2012.12.22"]
[Round "9.1"]
[White "Predojevic, B."]
[Black "Sumets, A."]
[Result "1/2-1/2"]
[WhiteElo "2600"]
[BlackElo "2638"]
[PlyCount "21"]
[EventDate "2012.12.16"]
[EventType "swiss"]
[SourceDate "1999.07.01"]

1. c4 d5 2. d4 c6 3. cxd5 cxd5 4. Nc3 Nf6 5. Nf3 Nc6 6. Bf4 Bf5 7. e3 e6 8. Bd3
Bxd3 9. Qxd3 Bd6 10. Bxd6 Qxd6 11. O-O 1/2-1/2

[Event "19th Zadar Open A"]
[Site "Zadar CRO"]
[Date "2012.12.17"]
[Round "2.1"]
[White "Martinovic, Sa"]
[Black "Sumets, A."]
[Result "0-1"]
[WhiteElo "2530"]
[BlackElo "2638"]
[PlyCount "54"]
[EventDate "2012.12.16"]
[EventType "swiss"]
[SourceDate "1999.07.01"]

1. d4 d5 2. c4 c6 3. cxd5 cxd5 4. Nf3 Nf6 5. Nc3 Nc6 6. Bf4 Ne4 7. e3 Nxc3 8.
bxc3 e6 9. Bd3 Bd6 10. Bxd6 Qxd6 11. O-O O-O 12. Rb1 b6 13. e4 dxe4 14. Bxe4
Bb7 15. Re1 h6 16. Bc2 Ba6 17. Nd2 Rfd8 18. Qf3 Rac8 19. Ne4 Qe7 20. Rbc1 Qa3
21. Qf4 Ne7 22. Bb3 Bc4 23. Bxc4 Rxc4 24. Rc2 Nd5 25. Qc1 Qa5 26. g3 Rd7 27.
Kg2 Rdc7 0-1

[Event "TCh-CZE Extraliga 2012-13"]
[Site "Czech Republic CZE"]
[Date "2012.12.01"]
[Round "3.1"]
[White "Khenkin, I."]
[Black "Movsesian, S."]
[Result "1/2-1/2"]
[WhiteElo "2650"]
[BlackElo "2688"]
[PlyCount "21"]
[EventDate "2012.11.03"]
[SourceDate "1999.07.01"]
[WhiteTeam "SK Zikuda Turnov"]
[BlackTeam "Rapid Pardubice"]

1. d4 d5 2. c4 c6 3. cxd5 cxd5 4. Bf4 e6 5. e3 Bd6 6. Bxd6 Qxd6 7. Nc3 Nf6 8.
Bd3 O-O 9. f4 a6 10. Nf3 b5 11. O-O 1/2-1/2

[Event "TCh-FIN SM 2012-13"]
[Site "Sastamala FIN"]
[Date "2012.10.27"]
[Round "4.1"]
[White "Kanep, M."]
[Black "Neiksans, A."]
[Result "1/2-1/2"]
[WhiteElo "2503"]
[BlackElo "2535"]
[PlyCount "39"]
[EventDate "2012.09.29"]
[SourceDate "1999.07.01"]
[WhiteTeam "EtVaS, Vantaa"]
[BlackTeam "VammSK, Sastamala"]

1. d4 d5 2. c4 c6 3. cxd5 cxd5 4. Nc3 Nf6 5. Bf4 Nc6 6. e3 a6 7. Rc1 Bf5 8. Nf3
Rc8 9. Be2 e6 10. O-O Bd6 11. Bxd6 Qxd6 12. Na4 O-O 13. Nc5 Rc7 14. Qb3 Rb8 15.
Qb6 Nd7 16. Nxd7 Rxd7 17. Rc3 f6 18. Nh4 Be4 19. f3 Bg6 20. Nxg6 1/2-1/2

[Event "TCh-HUN 2012-13"]
[Site "Decs HUN"]
[Date "2012.10.07"]
[Round "2"]
[White "Kosic, D."]
[Black "Sedlak, N."]
[Result "1/2-1/2"]
[WhiteElo "2517"]
[BlackElo "2538"]
[PlyCount "37"]
[EventDate "2012.09.16"]
[SourceDate "1999.07.01"]
[WhiteTeam "MLTC"]
[BlackTeam "Hungaropharma Decs"]

1. d4 d5 2. c4 c6 3. cxd5 cxd5 4. Nc3 Nf6 5. Bf4 Nc6 6. e3 a6 7. Nf3 Bg4 8. h3
Bxf3 9. Qxf3 e6 10. Bd3 Bd6 11. Bg5 Rc8 12. O-O O-O 13. Bxf6 Qxf6 14. Qxf6 gxf6
15. Rfc1 Na5 16. Ne2 Kg7 17. Rxc8 Rxc8 18. Rc1 Rxc1+ 19. Nxc1 1/2-1/2

[Event "TATA 50th ch-IND National Premier 2012"]
[Site "Kolkata IND"]
[Date "2012.10.09"]
[Round "8.6"]
[White "Vidit, S."]
[Black "Arun Prasad, S."]
[Result "1/2-1/2"]
[WhiteElo "2501"]
[BlackElo "2510"]
[PlyCount "53"]
[EventDate "2012.10.01"]
[SourceDate "1999.07.01"]

1. d4 d5 2. c4 c6 3. cxd5 cxd5 4. Nc3 Nc6 5. Bf4 e6 6. e3 Bd6 7. Bxd6 Qxd6 8.
Bd3 f5 9. Bb5 Nge7 10. f4 Bd7 11. Bxc6 Bxc6 12. Nf3 O-O 13. O-O Rfc8 14. Ne5
Be8 15. Rc1 Rc7 16. Qb3 Rac8 17. a3 Qa6 18. Ra1 Ng6 19. Nf3 Qc4 20. Qc2 Qa6 21.
a4 Nh8 22. Ne5 Nf7 23. Nxf7 Bxf7 24. a5 Be8 25. Rfd1 Qd6 26. Qb3 h6 27. Qa3
1/2-1/2

[Event "34th Rashid Nezhmetdinov Cup"]
[Site "Kazan RUS"]
[Date "2012.10.03"]
[Round "8.1"]
[White "Savchenko, B."]
[Black "Volkov, Sergey1"]
[Result "1/2-1/2"]
[WhiteElo "2523"]
[BlackElo "2575"]
[PlyCount "122"]
[EventDate "2012.09.25"]
[SourceDate "1999.07.01"]

1. d4 d5 2. c4 c6 3. cxd5 cxd5 4. Nc3 Nc6 5. Nf3 Nf6 6. Bf4 Nh5 7. Be5 e6 8. e3
Be7 9. h3 Nf6 10. Bd3 Nxe5 11. dxe5 Nd7 12. Qc2 a6 13. Ne2 b5 14. Bxh7 Qa5+ 15.
Kf1 Bb7 16. Ned4 Rc8 17. Qb1 g5 18. Bf5 exf5 19. Qxf5 Nf8 20. Nxg5 Bxg5 21.
Qxg5 Qd8 22. Qg7 Rh7 23. Qg8 Qc7 24. f4 f6 25. e6 Qd6 26. Kf2 Rc4 27. Rhd1 Rxd4
28. Rxd4 Qxe6 29. Qxe6+ Nxe6 30. Rdd1 d4 31. f5 dxe3+ 32. Kxe3 Ng7 33. g4 Rxh3+
34. Kd4 Rh4 35. Kc5 Rxg4 36. Kb6 Bc8 37. Rac1 Bxf5 38. Rc7 Ne6 39. Ra7 Nf8 40.
Rxa6 b4 41. Ka5 Nd7 42. Rf1 Bc2 43. Rfxf6 Nxf6 44. Rxf6 b3 45. axb3 Bxb3 46.
Rf3 Be6 47. b4 Rg5+ 48. Kb6 Kd7 49. Rc3 Bd5 50. b5 Rg8 51. Ka7 Kd6 52. Rc1 Ra8+
53. Kb6 Rb8+ 54. Ka6 Bf3 55. Rg1 Be2 56. Rg6+ Kc5 57. Ka7 Rf8 58. b6 Rf7+ 59.
b7 Bf3 60. Rb6 Bd5 61. Rb2 Rxb7+ 1/2-1/2

[Event "16th Izmailov Mem"]
[Site "Tomsk RUS"]
[Date "2012.08.11"]
[Round "5.3"]
[White "Belozerov, A."]
[Black "Jumabayev, R."]
[Result "1/2-1/2"]
[WhiteElo "2504"]
[BlackElo "2525"]
[PlyCount "87"]
[EventDate "2012.08.07"]
[SourceDate "1999.07.01"]

1. d4 d5 2. c4 c6 3. cxd5 cxd5 4. Nc3 Nf6 5. Bf4 Nc6 6. e3 a6 7. Rc1 Bf5 8. Nf3
e6 9. Qb3 Ra7 10. Ne5 Nxe5 11. Bxe5 Nd7 12. Bg3 Be7 13. Be2 O-O 14. O-O h6 15.
Na4 b5 16. Nc5 Nb6 17. Bd3 Bxd3 18. Qxd3 Nc4 19. b3 Nd6 20. Rc2 Qb6 21. Rfc1
Rc8 22. Be5 Rac7 23. Bxd6 Bxd6 24. b4 a5 25. a3 axb4 26. axb4 Ra8 27. g3 Rca7
28. Kg2 Ra3 29. Rc3 Ra2 30. R1c2 R2a7 31. Rb3 Qb8 32. Rcc3 Qe8 33. Ra3 h5 34.
Rxa7 Rxa7 35. Ra3 Rxa3 36. Qxa3 Qc6 37. Kg1 g6 38. Qa7 Bc7 39. Qa2 Bd6 40. Qe2
Kg7 41. Qd3 Be7 42. Kf1 Bf6 43. Ke2 e5 44. dxe5 1/2-1/2

[Event "Turkish Bank Chess League 2012"]
[Site "Konya TUR"]
[Date "2012.07.18"]
[Round "9"]
[White "Chadaev, N."]
[Black "Inarkiev, E."]
[Result "1/2-1/2"]
[WhiteElo "2580"]
[BlackElo "2707"]
[PlyCount "25"]
[EventDate "2012.07.11"]
[SourceDate "1999.07.01"]
[WhiteTeam "Adana Truva"]
[BlackTeam "Istanbul Teknik Uni"]

1. d4 d5 2. c4 c6 3. cxd5 cxd5 4. Nc3 Nc6 5. Nf3 Nf6 6. Bf4 a6 7. Rc1 Nh5 8.
Ra1 Nf6 9. Rc1 Nh5 10. Bd2 Nf6 11. Bf4 Nh5 12. Bd2 Nf6 13. Bf4 1/2-1/2

[Event "5th Paleochora Open"]
[Site "Paleochora GRE"]
[Date "2012.07.19"]
[Round "5.1"]
[White "Rychagov, A."]
[Black "Kuljasevic, D."]
[Result "1/2-1/2"]
[WhiteElo "2517"]
[BlackElo "2564"]
[PlyCount "35"]
[EventDate "2012.07.16"]
[SourceDate "1999.07.01"]

1. d4 d5 2. c4 c6 3. cxd5 cxd5 4. Nc3 Nf6 5. Bf4 Nc6 6. e3 a6 7. Rc1 e6 8. Bd3
Be7 9. Nf3 Nh5 10. Bg3 Bd7 11. Ne5 Nxg3 12. Nxc6 Bxc6 13. hxg3 h6 14. Rc2 Rc8
15. Qg4 Bf6 16. O-O O-O 17. Rfc1 Bd7 18. Qe2 1/2-1/2

[Event "5th Paleochora Open"]
[Site "Paleochora GRE"]
[Date "2012.07.22"]
[Round "8.2"]
[White "Kharitonov, Alexandr"]
[Black "Borovikov, V."]
[Result "1/2-1/2"]
[WhiteElo "2538"]
[BlackElo "2569"]
[PlyCount "20"]
[EventDate "2012.07.16"]
[SourceDate "1999.07.01"]

1. d4 d5 2. c4 c6 3. cxd5 cxd5 4. Nf3 Nf6 5. Nc3 Nc6 6. Bf4 a6 7. e3 Bg4 8. Be2
e6 9. O-O Be7 10. Rc1 O-O 1/2-1/2

[Event "4th Rethymno Open"]
[Site "Rethymno GRE"]
[Date "2012.07.10"]
[Round "5.2"]
[White "Borovikov, V."]
[Black "Rychagov, A."]
[Result "1/2-1/2"]
[WhiteElo "2569"]
[BlackElo "2517"]
[PlyCount "21"]
[EventDate "2012.07.07"]
[SourceDate "1999.07.01"]

1. d4 d5 2. c4 c6 3. cxd5 cxd5 4. Nc3 Nf6 5. Bf4 Nc6 6. e3 a6 7. Nf3 Bg4 8. h3
Bxf3 9. Qxf3 e6 10. Bd3 Bd6 11. Bg5 1/2-1/2

[Event "4th Rethymno Open"]
[Site "Rethymno GRE"]
[Date "2012.07.14"]
[Round "9.2"]
[White "Rychagov, A."]
[Black "Kryvoruchko, Y."]
[Result "1/2-1/2"]
[WhiteElo "2517"]
[BlackElo "2672"]
[PlyCount "32"]
[EventDate "2012.07.07"]
[SourceDate "1999.07.01"]

1. d4 d5 2. c4 c6 3. cxd5 cxd5 4. Nc3 Nc6 5. Nf3 Nf6 6. Bf4 Bf5 7. e3 e6 8. Bd3
Bxd3 9. Qxd3 Bd6 10. Bxd6 Qxd6 11. O-O O-O 12. Rfc1 Rfc8 13. a3 a6 14. Rc2 Rc7
15. Rac1 Rac8 16. Ne2 Ne7 1/2-1/2